[Event "Challenge"]
[Site "http://www.queenalice.com/game.php?id=218780"]
[Date "2007.5.31"]
[Round "-"]
[White "HattShallot"]
[Black "Cremildo"]
[Result "0-1"]
[WhiteElo "1423"]
[BlackElo "1500"]

1. d4 d5 2. e3 Nf6 3. Nf3 e6 4. Bd3 c5 5. dxc5 Bxc5 6. Ng5 h6 7. Nh3 e5 8. O-O
O-O 9. f4 Nc6 10. c4 d4 11. Qf3 Bg4 12. Qf2 Re8 13. Qe1 dxe3 14. Bxe3 exf4 15.
Nxf4 Bxe3+ 16. Kh1 Bxf4 17. Qc3 Be5 18. Qc2 Nb4 19. Qc3 Bxc3 20. Nxc3 Nxd3 21.
h3 Be2 22. Nxe2 Rxe2 23. Rab1 Nxb2 24. Rfe1 Rxe1+ 25. Rxe1 Nxc4 26. g4 Qd5+ 27.
Kg1 Re8 0-1

[Event "desafio"]
[Site "http://www.queenalice.com/game.php?id=218949"]
[Date "2007.5.31"]
[Round "-"]
[White "kanibal"]
[Black "Cremildo"]
[Result "0-1"]
[WhiteElo "1100"]
[BlackElo "1620"]

1. d4 d5 2. Nc3 Nf6 3. h3 Nc6 4. Nf3 e6 5. Bg5 h6 6. Bxf6 Qxf6 7. a3 Bd6 8. Nb5
e5 9. e3 O-O 10. Bd3 e4 11. Bxe4 dxe4 12. Ne5 Nxe5 13. dxe5 Bxe5 14. O-O Qg6 15.
g4 h5 16. f3 exf3 17. Qxf3 hxg4 18. hxg4 Bxg4 19. Qg2 Rae8 20. Kf2 Qxc2+ 21. Kg1
Qxg2+ 22. Kxg2 Bxb2 23. Rae1 a6 24. Nxc7 Bc3 25. Nxe8 Bxe1 26. Rxe1 Rxe8 27. Kg3
Bd7 28. Kf4 b5 29. Rd1 Re7 30. Rd6 a5 31. e4 b4 32. axb4 axb4 33. Rd3 f6 34. Rb3
g5+ 35. Ke3 f5 36. Rxb4 fxe4 37. Rxe4 Rxe4+ 38. Kxe4 g4 39. Kf4 Kg7 40. Kg5 g3
41. Kf4 g2 42. Kg3 g1=Q+ 43. Kf4 Qe1 44. Kf3 Kg6 45. Kf4 Kf6 46. Kf3 Kg5 47. Kg2
Kg4 48. Kh2 Qf2+ 49. Kh1 Bc6# 0-1

[Event "Challenge"]
[Site "http://www.queenalice.com/game.php?id=219009"]
[Date "2007.5.31"]
[Round "-"]
[White "ramones"]
[Black "Cremildo"]
[Result "0-1"]
[WhiteElo "1075"]
[BlackElo "1500"]

1. Nf3 d5 2. e3 e6 3. Bb5+ c6 4. Ba4 Bd6 5. Nc3 Nf6 6. O-O O-O 7. b4 Bxb4 8. Nd4
e5 9. Qf3 exd4 10. exd4 Re8 11. Ne2 Bg4 12. Qf4 Bxe2 13. Rb1 Bxf1 14. c3 Qe7 15.
Bb2 Bd6 16. Qe3 Bxh2+ 17. Kh1 Qxe3 18. dxe3 Ng4 19. Rxf1 Re6 20. f3 Nxe3 21.
Kxh2 Nxf1+ 22. Kg1 Ne3 0-1

[Event "Tech vs Cremildo"]
[Site "http://www.queenalice.com/game.php?id=219401"]
[Date "2007.6.1"]
[Round "-"]
[White "technicaldraw"]
[Black "Cremildo"]
[Result "1-0"]
[WhiteElo "2102"]
[BlackElo "1500"]

1. e4 e5 2. Nf3 Nc6 3. Bb5 a6 4. Bxc6 bxc6 5. O-O Nf6 6. Nxe5 Nxe4 7. Re1 Bc5 8.
Rxe4 Qf6 9. Ng4+ Kf8 10. Nxf6 gxf6 11. d4 d5 12. Bh6+ 1-0

[Event "Challenge"]
[Site "http://www.queenalice.com/game.php?id=219633"]
[Date "2007.6.2"]
[Round "-"]
[White "marcosweck"]
[Black "Cremildo"]
[Result "1-0"]
[WhiteElo "1759"]
[BlackElo "1620"]

1. e4 c5 2. Nf3 d6 3. g3 Nf6 4. d3 e5 5. Bg2 Be6 6. c4 Nc6 7. O-O Be7 8. Ng5 h6
9. Nxe6 fxe6 10. f4 exf4 11. Bxf4 e5 12. Be3 Qd7 13. Nc3 Nb4 14. a3 Nc6 15. Nd5
O-O-O 16. b4 g5 17. b5 Nd4 18. Qa4 Ne2+ 19. Kh1 Qg4 20. Nxe7+ Kb8 21. Rxf6 Qh5
22. Bf2 Rhf8 23. Nc6+ Kc7 24. Rxf8 Rxf8 25. Qa5+ Kd7 26. Nxe5+ dxe5 27. Qe1 Nd4
28. Bxd4 exd4 29. Ra2 Re8 30. Rf2 g4 31. Qa5 b6 32. Qxa7+ Kd8 33. Qxb6+ 1-0

[Event "AUTO-INT-479"]
[Site "http://www.queenalice.com/game.php?id=219704"]
[Date "2007.6.2"]
[Round "1"]
[White "Cremildo"]
[Black "IkeBroflovski"]
[Result "0-1"]
[WhiteElo "1506"]
[BlackElo "1644"]

1. e4 e6 2. d4 d5 3. Nd2 Nc6 4. Ngf3 Nf6 5. e5 Nd7 6. c3 Be7 7. Bd3 O-O 8. O-O
f5 9. c4 dxc4 10. Nxc4 Nb6 11. Re1 Nd5 12. Bd2 b6 13. Qc1 Bb7 14. Ng5 Bxg5 15.
Bxg5 Qd7 16. Be3 Nce7 17. Nd2 Nxe3 18. Rxe3 Nd5 19. Rh3 Nf4 20. Rg3 Qxd4 21. Nf3
Qxd3 22. Qxf4 Bxf3 23. Rxf3 Qd5 24. h3 c5 0-1

[Event "AUTO-INT-479"]
[Site "http://www.queenalice.com/game.php?id=219705"]
[Date "2007.6.2"]
[Round "1"]
[White "IkeBroflovski"]
[Black "Cremildo"]
[Result "0-1"]
[WhiteElo "1603"]
[BlackElo "1565"]

1. Nf3 d5 2. d4 Nf6 3. e3 c5 4. c4 cxd4 5. exd4 e6 6. Nc3 Be7 7. Bd3 Nc6 8. O-O
O-O 9. b3 Bd6 10. Bb2 dxc4 11. bxc4 e5 12. d5 Nd4 13. Nxd4 exd4 14. Nb5 Bxh2+
0-1

[Event "AUTO-INT-479"]
[Site "http://www.queenalice.com/game.php?id=219706"]
[Date "2007.6.2"]
[Round "1"]
[White "Cremildo"]
[Black "afonso_fleurs"]
[Result "0-1"]
[WhiteElo "1494"]
[BlackElo "1486"]

1. e4 e5 2. Nf3 d6 3. d4 Bg4 4. c3 h6 5. Bc4 Nf6 6. Nbd2 a6 7. d5 b5 8. Bd3 c6
9. c4 c5 10. b3 Nbd7 11. O-O Nh5 12. cxb5 axb5 13. Bxb5 Be7 14. Bc6 Ra7 15.
Bxd7+ Qxd7 16. h3 Bxf3 17. Nxf3 Nf4 18. Bxf4 exf4 19. Qd2 g5 20. Qc3 Rh7 21. e5
g4 22. exd6 Qxd6 23. Qd3 Rg7 24. hxg4 Rxg4 25. Rfe1 Kf8 0-1

[Event "AUTO-INT-479"]
[Site "http://www.queenalice.com/game.php?id=219707"]
[Date "2007.6.2"]
[Round "1"]
[White "afonso_fleurs"]
[Black "Cremildo"]
[Result "1-0"]
[WhiteElo "1502"]
[BlackElo "1476"]

1. d4 Nf6 2. f4 d5 3. e3 Nc6 4. Bd3 e6 5. Nf3 Be7 6. a3 O-O 7. Nc3 a6 8. Qe2 Bd6
9. e4 Re8 10. e5 Nh5 11. exd6 Nxf4 12. Bxf4 cxd6 13. Ng5 e5 14. Bxh7+ Kf8 15.
O-O exf4 16. Qh5 Qf6 17. Bg6 Qxg6 18. Qh8+ Ke7 19. Nxd5+ Kd8 20. Qh4 Nxd4 21.
Nf3+ f6 22. Nxd4 Qe4 23. Rxf4 Qxd5 24. Rd1 1-0

[Event "Challenge"]
[Site "http://www.queenalice.com/game.php?id=219738"]
[Date "2007.6.2"]
[Round "-"]
[White "ramones"]
[Black "Cremildo"]
[Result "0-1"]
[WhiteElo "1124"]
[BlackElo "1599"]

1. g3 e5 2. Nf3 Nc6 3. Nh4 d5 4. Bg2 Nf6 5. Nf5 Bxf5 6. Nc3 Nb4 7. b3 Bxc2 8. d4
Bxd1 9. Nxd1 Nc2+ 10. Kf1 Nxa1 11. e4 exd4 12. exd5 Nxd5 13. Bb2 Nb4 14. Bxb7
Rb8 15. Bc6+ Nxc6 16. Bc1 Bb4 17. Kg2 Qd5+ 18. f3 O-O 19. Re1 Bxe1 20. Nf2 Bxf2
21. Kxf2 Rfe8 22. Bf4 Qa5 23. g4 Qe1+ 24. Kg2 Re2+ 25. Kh3 Qf1+ 26. Kh4 Qxf3 27.
Bg3 Re4 28. Kh5 Qxg4# 0-1